[Event "XVII Festival Conca della Presolana Magistrale"]
[Site "Bratto - Castione della Presolana ITA"]
[Date "1997.08.??"]
[Round "5"]
[White "Agnelli, Francesco"]
[Black "De Barberis, Massimo"]
[Result "0-1"]
[WhiteElo "2085"]
[BlackElo "2110"]
[PlyCount "120"]
[EventDate "1997.08.21"]

1. e4 c5 2. Nf3 d6 3. d4 cxd4 4. Nxd4 Nf6 5. Nc3 a6 6. Be3 e6 7. f3 Be7 8. Qd2
Qc7 9. g4 Nc6 10. O-O-O b5 11. g5 Nd7 12. h4 Nde5 13. Qg2 Bd7 14. Kb1 b4 15.
Nxc6 Qxc6 16. Ne2 Nc4 17. Bc1 e5 18. Ng3 Be6 19. Bd3 g6 20. h5 Rc8 21. Rh2 Rf8
22. Qe2 Bxg5 23. Bxg5 Nxb2 24. Kxb2 Qc3+ 25. Kb1 Bxa2+ 26. Kxa2 Rc5 27. Bb5+
Rxb5 28. Qxb5+ axb5 29. Rxd6 f6 30. Bc1 Ke7 31. Ra6 g5 32. Nf5+ Kf7 33. Ra7+
Kg8 34. Rd2 Qc4+ 35. Kb1 b3 36. Ba3 bxc2+ 37. Rxc2 Qb3+ 38. Bb2 Rd8 39. Rc1
Qxf3 40. Rcc7 Qxe4+ 41. Ka2 Qxf5 42. Rg7+ Kh8 43. h6 Qe6+ 44. Ka3 Qd6+ 45. Kb3
Qe6+ 46. Kb4 Qd6+ 47. Ka5 Qd2+ 48. Kb6 Rd6+ 49. Kc5 Qd3 50. Ra8+ Rd8 51. Rxd8+
Qxd8 52. Bc3 Qf8+ 53. Kb6 Qd8+ 54. Rc7 Qf8 55. Kxb5 Qxh6 56. Kc6 Qf8 57. Kb7 h5
58. Rc8 Qxc8+ 59. Kxc8 h4 60. Kd7 h3 0-1

[Event "XVII Festival Conca della Presolana Magistrale"]
[Site "Bratto - Castione della Presolana ITA"]
[Date "1997.08.??"]
[Round "5"]
[White "Barbafiera, Luigi"]
[Black "Caruso, Daniele"]
[Result "0-1"]
[WhiteElo "1900"]
[BlackElo "2130"]
[PlyCount "80"]
[EventDate "1997.08.21"]

1. c4 e5 2. Nc3 Nc6 3. Nf3 f5 4. d3 Nf6 5. g3 g6 6. Bg5 Bg7 7. Qd2 h6 8. Bxf6
Bxf6 9. Nd5 Bg7 10. Nh4 Kf7 11. Bg2 Nd4 12. e3 Ne6 13. O-O c6 14. Nc3 Qf6 15.
Rad1 Rf8 16. f4 exf4 17. exf4 d6 18. Nf3 Nd4 19. Rfe1 Bd7 20. Ne2 Nxf3+ 21.
Bxf3 Rfe8 22. d4 Re7 23. b4 b6 24. b5 Rc8 25. a4 Kf8 26. Rc1 Be8 27. Red1 Rec7
28. Nc3 Qd8 29. c5 dxc5 30. dxc5 Qxd2 31. Rxd2 Bxc3 32. Rxc3 cxb5 33. c6 bxa4
34. Ra2 b5 35. Rc5 a6 36. Re2 Rb8 37. Bd5 Rb6 38. Re6 b4 39. Ra5 b3 40. Rxa4 b2
0-1

[Event "XVII Festival Conca della Presolana Magistrale"]
[Site "Bratto - Castione della Presolana ITA"]
[Date "1997.08.??"]
[Round "5"]
[White "Barbieri, Giovanni"]
[Black "Alberton, Roberto"]
[Result "0-1"]
[WhiteElo "2115"]
[BlackElo "2190"]
[PlyCount "80"]
[EventDate "1997.08.21"]

1. e4 g6 2. d4 Bg7 3. Nf3 d6 4. c3 Nf6 5. Nbd2 O-O 6. Be2 c6 7. O-O Qc7 8. Qc2
e5 9. dxe5 dxe5 10. Nc4 Nbd7 11. a4 b6 12. Bg5 h6 13. Bh4 g5 14. Bg3 Nh5 15.
Bxe5 Nxe5 16. Nfxe5 Nf4 17. Nf3 f5 18. e5 Be6 19. Rfe1 Bd5 20. Bf1 Qf7 21. Ne3
Bxf3 22. gxf3 Qh5 23. Nxf5 Qxf3 24. Ng3 Rae8 25. Qe4 Qg4 26. f3 Qc8 27. Nh5
Nxh5 28. Bd3 Re6 29. Qh7+ Kf7 30. Bc4 Rh8 31. Qf5+ Ke7 32. Rad1 Rf8 33. Qh7 Rf7
34. Rd6 Nf4 35. Bxe6 Nxe6 36. Red1 Nf4 37. e6 Bd4+ 38. R1xd4 Rxh7 39. Rd7+ Kxe6
40. Rxh7 Ne2+ 0-1

[Event "XVII Festival Conca della Presolana Magistrale"]
[Site "Bratto - Castione della Presolana ITA"]
[Date "1997.08.??"]
[Round "5"]
[White "Bednarich, Jan"]
[Black "Quagliarella, Sabino Remo"]
[Result "1-0"]
[WhiteElo "2190"]
[BlackElo "1892"]
[PlyCount "101"]
[EventDate "1997.08.21"]

1. e4 d6 2. d4 Nf6 3. Nc3 c6 4. f4 Qa5 5. Bd3 e5 6. Nf3 Bg4 7. Be3 exf4 8. Bxf4
Qb4 9. Qd2 Bxf3 10. gxf3 Qxd4 11. O-O-O Nbd7 12. Rhg1 Ne5 13. Be3 Qb4 14. Qf2
Nxd3+ 15. Rxd3 Qa5 16. Bf4 O-O-O 17. Rgd1 Be7 18. Kb1 Nd7 19. Bxd6 Bxd6 20.
Rxd6 Nf6 21. Qg3 Rxd6 22. Rxd6 Rd8 23. Rxd8+ Qxd8 24. Qxg7 Qg8 25. Qg3 Qg6 26.
a4 Nh5 27. Qe5 f6 28. Qd6 Qg1+ 29. Ka2 Qg8+ 30. Ka3 Qf7 31. b3 Ng7 32. f4 Ne8
33. Qd3 Qe7+ 34. Kb2 Nd6 35. a5 a6 36. Qd4 Nb5 37. Nxb5 axb5 38. e5 fxe5 39.
Qxe5 Qb4 40. Qh8+ Kc7 41. Qxh7+ Kb8 42. Qh8+ Ka7 43. Qe5 Qxa5 44. f5 Qb4 45. f6
c5 46. Qc3 Qf4 47. Qxc5+ Kb8 48. Qf8+ Ka7 49. f7 Qe5+ 50. Ka2 Qc3 51. Qa3+ 1-0

[Event "XVII Festival Conca della Presolana Magistrale"]
[Site "Bratto - Castione della Presolana ITA"]
[Date "1997.08.??"]
[Round "5"]
[White "Bosio, Devis"]
[Black "Rosino, Antonio"]
[Result "0-1"]
[WhiteElo "1951"]
[BlackElo "2265"]
[PlyCount "92"]
[EventDate "1997.08.21"]

1. e4 e5 2. Bc4 Nf6 3. d3 Nc6 4. Nf3 Bc5 5. Nc3 d6 6. O-O Bg4 7. Bb5 O-O 8.
Bxc6 bxc6 9. Be3 Bb6 10. Na4 Nd7 11. Nxb6 axb6 12. h3 Bh5 13. g4 Bg6 14. Nd2 d5
15. f4 exf4 16. Bxf4 dxe4 17. Nxe4 f5 18. Bg5 Qe8 19. Nc3 Qe5 20. Bf4 Qd4+ 21.
Kg2 fxg4 22. Qxg4 Bf5 23. Qg3 Rf6 24. Qe3 Qb4 25. Bg5 Rf7 26. Rf2 h6 27. Raf1
Raf8 28. a3 Qd6 29. Bf4 Qg6+ 30. Qg3 Qh5 31. Qf3 Qg6+ 32. Qg3 Qh5 33. Nd1 Nc5
34. Kh2 Ne6 35. Be3 Rf6 36. Qf3 Qf7 37. Qe2 Qd7 38. Qh5 Bg6 39. Qe2 Qd6+ 40.
Kh1 Bf5 41. Qh5 Qd5+ 42. Kh2 Qe5+ 43. Bf4 Nxf4 44. Rxf4 g5 45. Kh1 gxf4 46.
Rg1+ Kh7 0-1

[Event "XVII Festival Conca della Presolana Magistrale"]
[Site "Bratto - Castione della Presolana ITA"]
[Date "1997.08.??"]
[Round "5"]
[White "Di Fonzo, Valerio"]
[Black "Ferretti, Folco"]
[Result "1/2-1/2"]
[WhiteElo "2225"]
[BlackElo "2285"]
[PlyCount "118"]
[EventDate "1997.08.21"]

1. e4 e5 2. Nf3 Nc6 3. Nc3 Nf6 4. d4 exd4 5. Nxd4 Bb4 6. Nxc6 bxc6 7. Bd3 d5 8.
exd5 cxd5 9. O-O O-O 10. Bg5 c6 11. Qf3 Be7 12. h3 Nd7 13. Bxe7 Qxe7 14. Rfe1
Qf6 15. Qxf6 Nxf6 16. Na4 Be6 17. Nc5 Rfe8 18. c3 Rab8 19. Re2 Nh5 20. Nxe6
fxe6 21. g3 e5 22. Bf5 Nf6 23. h4 Rb7 24. Rae1 e4 25. b3 g6 26. Bh3 Rbe7 27. b4
Kf7 28. a3 Rc7 29. f3 Rce7 30. fxe4 Rxe4 31. Rxe4 Rxe4 32. Kf2 Ke7 33. Bg2 Ng4+
34. Kf1 Rxe1+ 35. Kxe1 Ne3 36. Bf1 Nc2+ 37. Kd2 Nxa3 38. Ke3 Kd6 39. Kf4 Nb1
40. c4 Nd2 41. c5+ Ke6 42. Bh3+ Ke7 43. g4 Ne4 44. g5 Nc3 45. Ke5 a6 46. Bc8
Na2 47. Bxa6 Nxb4 48. Be2 Nc2 49. h5 gxh5 50. Bxh5 Ne3 51. g6 hxg6 52. Bxg6
Nc4+ 53. Kd4 Na5 54. Bc2 Nb7 55. Bb3 Ke6 56. Bd1 Nd8 57. Bb3 Nf7 58. Ba4 Ne5
59. Bd1 Kf6 1/2-1/2

[Event "XVII Festival Conca della Presolana Magistrale"]
[Site "Bratto - Castione della Presolana ITA"]
[Date "1997.08.??"]
[Round "5"]
[White "Di Lazzaro, Gabriele"]
[Black "Lovati, Paolo"]
[Result "1-0"]
[WhiteElo "2030"]
[BlackElo "2135"]
[PlyCount "49"]
[EventDate "1997.08.21"]

1. Nf3 d5 2. g3 c6 3. Bg2 Nf6 4. O-O h6 5. Re1 Bf5 6. d3 e6 7. c4 Be7 8. Qb3
Qc8 9. Nc3 O-O 10. cxd5 exd5 11. e4 dxe4 12. dxe4 Be6 13. Qc2 Na6 14. Bf4 Bh3
15. Bh1 Re8 16. a3 Nc7 17. Rad1 Ne6 18. Bd6 Bg4 19. e5 Nh7 20. Rd2 Bxd6 21.
exd6 Nd4 22. Rxd4 Bxf3 23. Rxe8+ Qxe8 24. Bxf3 Ng5 25. Qe2 1-0

[Event "XVII Festival Conca della Presolana Magistrale"]
[Site "Bratto - Castione della Presolana ITA"]
[Date "1997.08.??"]
[Round "5"]
[White "Drazic, Sinisa"]
[Black "Klinova, Masha"]
[Result "0-1"]
[WhiteElo "2445"]
[BlackElo "2330"]
[PlyCount "111"]
[EventDate "1997.08.21"]

1. Nf3 d6 2. d4 Nf6 3. c4 g6 4. Nc3 Bg7 5. h3 O-O 6. Bf4 Nbd7 7. e3 c6 8. Be2
a6 9. a4 a5 10. O-O Re8 11. Qc2 e5 12. Bh2 Qe7 13. c5 dxc5 14. dxe5 Nd5 15.
Nxd5 cxd5 16. Bb5 Rd8 17. Rac1 b6 18. Bc6 Ra7 19. Qb3 Ba6 20. Bxd5 Bxf1 21.
Kxf1 Nxe5 22. Bxe5 Bxe5 23. Bxf7+ Qxf7 24. Qxf7+ Rxf7 25. Nxe5 Rf6 26. Ke2 Kf8
27. f4 Ke7 28. g4 Rd5 29. g5 Rf8 30. h4 Ke6 31. Nc4 Rb8 32. Rc3 Rd7 33. Rb3 Kf5
34. Ne5 Rc7 35. Kf3 c4 36. Rb5 Ke6 37. Ke4 c3 38. bxc3 Rxc3 39. Nf3 Rc4+ 40.
Nd4+ Kf7 41. f5 gxf5+ 42. Kxf5 Rc5+ 43. Rxc5 bxc5 44. Nc6 Rb3 45. Nxa5 Rxe3 46.
h5 Kg7 47. Nc4 Rd3 48. h6+ Kg8 49. Nb6 Rd4 50. Ke5 Rg4 51. a5 c4 52. Nd5 Rxg5+
53. Kd4 c3 54. a6 c2 55. a7 Rg4+ 56. Kc3 0-1

[Event "XVII Festival Conca della Presolana Magistrale"]
[Site "Bratto - Castione della Presolana ITA"]
[Date "1997.08.??"]
[Round "5"]
[White "Efimov, Igor"]
[Black "Profumo, Alberto"]
[Result "1-0"]
[WhiteElo "2540"]
[BlackElo "2250"]
[PlyCount "73"]
[EventDate "1997.08.21"]

1. e4 c6 2. d4 d5 3. Nc3 dxe4 4. Nxe4 Bf5 5. Ng3 Bg6 6. h4 h6 7. Nh3 e6 8. Nf4
Bh7 9. Bc4 Nf6 10. Qe2 Bd6 11. c3 Qc7 12. Nfh5 Nxh5 13. Nxh5 O-O 14. g4 Nd7 15.
g5 g6 16. Nf6+ Nxf6 17. gxf6 Bf4 18. Bxf4 Qxf4 19. Qe5 Qxe5+ 20. dxe5 Rad8 21.
f4 Rd7 22. Rd1 Rfd8 23. Rxd7 Rxd7 24. h5 g5 25. fxg5 Bd3 26. Bb3 c5 27. Rg1 c4
28. gxh6+ Kh8 29. Bd1 Rd5 30. Rg7 Rxe5+ 31. Kd2 Rf5 32. Rxf7 b5 33. Bg4 Rf4 34.
Rxa7 Rxf6 35. Ke3 e5 36. Re7 Rxh6 37. Rxe5 1-0

[Event "XVII Festival Conca della Presolana Magistrale"]
[Site "Bratto - Castione della Presolana ITA"]
[Date "1997.08.??"]
[Round "5"]
[White "Farago, Ivan"]
[Black "Cugini, Verter"]
[Result "1/2-1/2"]
[WhiteElo "2445"]
[BlackElo "2215"]
[PlyCount "97"]
[EventDate "1997.08.21"]

1. d4 d6 2. c4 e5 3. Nf3 Bg4 4. Nc3 Nc6 5. d5 Bxf3 6. gxf3 Nce7 7. Qa4+ Qd7 8.
Qxd7+ Kxd7 9. Bh3+ f5 10. Ne4 c6 11. c5 cxd5 12. cxd6 dxe4 13. dxe7 Nxe7 14.
fxe4 g6 15. exf5 gxf5 16. Bg5 Ke6 17. O-O-O Rg8 18. Bh4 Ng6 19. Bg3 Bh6+ 20.
Kb1 Nf4 21. Bf1 Rgd8 22. Rxd8 Rxd8 23. e3 Ng6 24. h4 f4 25. h5 fxg3 26. hxg6
hxg6 27. Rxh6 Rd1+ 28. Kc2 Rxf1 29. fxg3 Rf2+ 30. Kc3 Re2 31. Rxg6+ Kd5 32. Rg7
Kc6 33. Kd3 Rxb2 34. Ke4 Rxa2 35. g4 a5 36. g5 a4 37. g6 a3 38. Rg8 Rg2 39. Ra8
Rxg6 40. Kxe5 Rg1 41. Rxa3 b5 42. Rc3+ Kb6 43. e4 b4 44. Rc8 Kb5 45. Kf6 Rf1+
46. Ke6 b3 47. e5 Ka4 48. Ra8+ Kb4 49. Rb8+ 1/2-1/2

[Event "XVII Festival Conca della Presolana Magistrale"]
[Site "Bratto - Castione della Presolana ITA"]
[Date "1997.08.??"]
[Round "5"]
[White "Genocchio, Daniele"]
[Black "Grosar, Aljosa"]
[Result "0-1"]
[WhiteElo "2215"]
[BlackElo "2455"]
[PlyCount "56"]
[EventDate "1997.08.21"]

1. f4 e5 2. fxe5 d6 3. e6 Bxe6 4. Nf3 g6 5. g3 Bg7 6. Bg2 d5 7. c3 Nc6 8. d3 h6
9. Qb3 Rb8 10. Qc2 Nf6 11. O-O O-O 12. Nbd2 Qe7 13. Nb3 Rfe8 14. Bd2 Rbd8 15.
Rae1 b6 16. Nfd4 Nxd4 17. Nxd4 Bd7 18. e4 dxe4 19. dxe4 Ng4 20. e5 Nxe5 21. Bd5
Qc5 22. Rxe5 Rxe5 23. Bxf7+ Kh8 24. b4 Qd6 25. Bf4 Bh3 26. Bxe5 Qxe5 27. Rb1
Qe3+ 28. Kh1 Rxd4 0-1

[Event "XVII Festival Conca della Presolana Magistrale"]
[Site "Bratto - Castione della Presolana ITA"]
[Date "1997.08.??"]
[Round "5"]
[White "Lagrotteria, Salvatore"]
[Black "Mascheroni, Maurizio"]
[Result "1-0"]
[WhiteElo "2225"]
[BlackElo "1944"]
[PlyCount "135"]
[EventDate "1997.08.21"]

1. Nf3 Nf6 2. c4 e6 3. d4 b6 4. Nc3 Bb4 5. Bd2 Bb7 6. e3 O-O 7. Bd3 Bxc3 8.
Bxc3 Ne4 9. Bb4 d6 10. O-O f5 11. Ne1 Qg5 12. Qe2 c5 13. Ba3 Nd7 14. f3 Nef6
15. Nc2 a5 16. b3 e5 17. Qf2 Ne4 18. Qe1 Nef6 19. dxe5 dxe5 20. Rd1 Rad8 21.
Bc1 Qg6 22. Na3 e4 23. Be2 exf3 24. Bxf3 Ne4 25. Bb2 Bc6 26. Nb5 Bxb5 27. cxb5
Ndf6 28. Qe2 Qf7 29. g3 Qe7 30. Bg2 Rxd1 31. Rxd1 Rd8 32. Qc4+ Kh8 33. Rxd8+
Qxd8 34. Bxe4 Nxe4 35. Qe2 Qd6 36. Qh5 h6 37. Qxf5 Qd1+ 38. Qf1 Qd6 39. Qf5
Qd1+ 40. Qf1 Qd6 41. Qe2 Ng5 42. Bc3 Qd5 43. h4 Ne4 44. Be1 Qe5 45. Kh2 h5 46.
Qd3 Nf6 47. Bc3 Ng4+ 48. Kg2 Qe7 49. e4 Qf7 50. Qf3 Qe7 51. Kg1 Qd6 52. e5 Qg6
53. e6 Qb1+ 54. Qf1 Qxf1+ 55. Kxf1 Kg8 56. Ke2 g6 57. Kf3 Kf8 58. Ke4 Ke7 59.
Kd5 Ne3+ 60. Kc6 Kxe6 61. Bh8 Nd5 62. a3 a4 63. bxa4 c4 64. a5 Nf6 65. Bg7 bxa5
66. b6 c3 67. b7 c2 68. Bh6 1-0

[Event "XVII Festival Conca della Presolana Magistrale"]
[Site "Bratto - Castione della Presolana ITA"]
[Date "1997.08.??"]
[Round "5"]
[White "Lanzani, Mario"]
[Black "Godena, Michele"]
[Result "1/2-1/2"]
[WhiteElo "2360"]
[BlackElo "2515"]
[PlyCount "37"]
[EventDate "1997.08.21"]

1. e4 e5 2. Nf3 Nc6 3. Nc3 Nf6 4. Bb5 Bb4 5. O-O O-O 6. d3 d6 7. Bg5 Bxc3 8.
bxc3 Qe7 9. Re1 h6 10. Bc1 Nh7 11. d4 Bg4 12. h3 Bh5 13. g4 Bg6 14. d5 Nd8 15.
Bd3 Ng5 16. Kg2 Nxf3 17. Qxf3 c6 18. c4 b6 19. Qg3 1/2-1/2

[Event "XVII Festival Conca della Presolana Magistrale"]
[Site "Bratto - Castione della Presolana ITA"]
[Date "1997.08.??"]
[Round "5"]
[White "Lapiccirella, Mattia"]
[Black "Lantini, Marco"]
[Result "0-1"]
[WhiteElo "1930"]
[BlackElo "2190"]
[PlyCount "52"]
[EventDate "1997.08.21"]

1. d4 Nf6 2. c4 e6 3. Nc3 d5 4. Bg5 Be7 5. e3 O-O 6. Nf3 h6 7. Bh4 Ne4 8. Bxe7
Qxe7 9. Qc2 Nxc3 10. Qxc3 dxc4 11. Bxc4 b6 12. Rc1 Bb7 13. Bb5 Bxf3 14. gxf3
Qg5 15. Bd3 Nd7 16. Be4 Rad8 17. Qxc7 e5 18. dxe5 Nc5 19. e6 fxe6 20. Qg3 Nxe4
21. fxe4 Qb5 22. Rc7 Qb4+ 23. Kf1 Rd1+ 24. Kg2 Qxe4+ 25. Kh3 Qf5+ 26. Kg2 Qd5+
0-1

[Event "XVII Festival Conca della Presolana Magistrale"]
[Site "Bratto - Castione della Presolana ITA"]
[Date "1997.08.??"]
[Round "5"]
[White "Mancini, Giustino"]
[Black "Capece, Adolivio"]
[Result "0-1"]
[WhiteElo "2060"]
[BlackElo "1953"]
[PlyCount "48"]
[EventDate "1997.08.21"]

1. d4 Nf6 2. Nf3 c5 3. d5 e6 4. c4 b5 5. Bg5 exd5 6. cxd5 h6 7. Bxf6 Qxf6 8.
Qc2 Na6 9. Nbd2 Nb4 10. Qb1 Nxd5 11. e4 Nc7 12. a4 b4 13. e5 Qe6 14. Bd3 d5 15.
O-O Be7 16. Re1 c4 17. Be2 Bc5 18. Qc2 Qb6 19. Rf1 b3 20. a5 bxc2 21. axb6 axb6
22. Rxa8 Nxa8 23. Rc1 Bf5 24. b3 Ba3 0-1

[Event "XVII Festival Conca della Presolana Magistrale"]
[Site "Bratto - Castione della Presolana ITA"]
[Date "1997.08.??"]
[Round "5"]
[White "Marchini, Massimo"]
[Black "Vita, Fabrizio"]
[Result "1/2-1/2"]
[WhiteElo "2150"]
[BlackElo "2013"]
[PlyCount "177"]
[EventDate "1997.08.21"]

1. Nf3 c5 2. c4 g6 3. d4 cxd4 4. Nxd4 Bg7 5. e4 Nc6 6. Be3 d6 7. Nc3 Nf6 8. Be2
O-O 9. O-O Qa5 10. Rc1 Nxd4 11. Bxd4 Be6 12. f4 Rfc8 13. b3 a6 14. Qd3 Rab8 15.
Qe3 b5 16. c5 dxc5 17. Bxc5 Qc7 18. Bd4 Qb7 19. Bf3 Ng4 20. Bxg4 Bxd4 21. Qxd4
Bxg4 22. Nd5 Be6 23. Nb4 Rd8 24. Qe3 Qb6 25. Qxb6 Rxb6 26. Nc6 Rd2 27. Rf2 Rxf2
28. Kxf2 Kf8 29. Ke3 Ke8 30. Rc5 f6 31. Nd4 Bd7 32. b4 Rb8 33. a3 Ra8 34. e5
fxe5 35. fxe5 e6 36. Nb3 Ke7 37. Rc7 Kd8 38. Rc5 Ra7 39. g3 Bc8 40. Rc6 Rf7 41.
Nc5 Rf1 42. Rd6+ Ke7 43. Rd3 g5 44. Ne4 h6 45. Nf6 Rh1 46. Ng8+ Ke8 47. Nxh6
Rxh2 48. Ng4 Rg2 49. Kd4 Kd8 50. Nf6 Re2 51. Ne4 g4 52. Nf6 Bb7 53. Kc5+ Kc7
54. Ne8+ Kc8 55. Nd6+ Kc7 56. Ne8+ Kc8 57. Kd6 Bd5 58. Nf6 Bc4 59. Rc3 Rd2+ 60.
Kc5 Re2 61. Nxg4 Re4 62. Ne3 Ba2 63. Kb6+ Kd7 64. Kxa6 Rxe5 65. Kb6 Kd6 66. Nd1
Rd5 67. Nf2 Ke5 68. Re3+ Kf5 69. Ne4 Bc4 70. Nc3 Rd8 71. Kc6 Rc8+ 72. Kb7 Rd8
73. a4 bxa4 74. Nxa4 Rd3 75. Rxd3 Bxd3 76. Kc6 Kg4 77. Kd6 Kxg3 78. Kxe6 Kf4
79. Kd5 Kf5 80. Nb6 Kf6 81. Nc4 Ke7 82. b5 Bxc4+ 83. Kxc4 Kd6 84. Kb4 Kc7 85.
Ka5 Kb7 86. b6 Kb8 87. Ka6 Ka8 88. b7+ Kb8 89. Kb6 1/2-1/2

[Event "XVII Festival Conca della Presolana Magistrale"]
[Site "Bratto - Castione della Presolana ITA"]
[Date "1997.08.??"]
[Round "5"]
[White "Menoni, Vincenzo"]
[Black "Grosar, Kiti"]
[Result "1-0"]
[WhiteElo "2270"]
[BlackElo "2190"]
[PlyCount "83"]
[EventDate "1997.08.21"]

1. e4 c5 2. Nf3 d6 3. d4 cxd4 4. Nxd4 Nf6 5. Nc3 Nc6 6. Bc4 Qb6 7. Nxc6 bxc6 8.
O-O e5 9. Bg5 Qxb2 10. Qd3 Qb6 11. Bxf6 gxf6 12. Nd5 Qd8 13. Ne3 Bh6 14. Rfd1
Bxe3 15. fxe3 Ke7 16. Rab1 Qc7 17. Rd2 Rb8 18. Rf1 Rg8 19. Qe2 Bg4 20. Qf2 Rg6
21. Qh4 Be6 22. Bxe6 Kxe6 23. Qxh7 Ke7 24. Rfd1 Rbg8 25. Qh3 Rd8 26. Qf3 Qa5
27. c4 Qc5 28. Qe2 Rdg8 29. g3 Rd8 30. Kg2 a5 31. Qd3 a4 32. h3 Rgg8 33. Rf2 a3
34. Rdf1 Rg6 35. Rd2 Rb8 36. Rfd1 Rd8 37. Rf1 Rd7 38. Rb1 Rg8 39. Rf2 Ra7 40.
Rb3 Ra4 41. Rb7+ Kf8 42. Rxf6 1-0

[Event "XVII Festival Conca della Presolana Magistrale"]
[Site "Bratto - Castione della Presolana ITA"]
[Date "1997.08.??"]
[Round "5"]
[White "Milocco, Franco"]
[Black "Mariano, Elia"]
[Result "1/2-1/2"]
[WhiteElo "2365"]
[BlackElo "2145"]
[PlyCount "122"]
[EventDate "1997.08.21"]

1. c4 c5 2. Nf3 Nf6 3. d4 cxd4 4. Nxd4 e5 5. Nb5 d5 6. cxd5 Bc5 7. Qc2 Qa5+ 8.
N1c3 O-O 9. Bd2 a6 10. Ne4 Bxf2+ 11. Nxf2 Qxb5 12. e4 Qb6 13. Be2 Bd7 14. Qc3
Qxf2+ 15. Kxf2 Nxe4+ 16. Ke3 Nxc3 17. Bxc3 Bf5 18. Bxe5 Re8 19. Kf4 Nd7 20. Bc3
Rxe2 21. Kxf5 Rae8 22. Rae1 g6+ 23. Kf4 R8e4+ 24. Kf3 Ne5+ 25. Kg3 R4e3+ 26.
Kh4 Re4+ 27. Kh3 R4e3+ 28. g3 Rxe1 29. Rxe1 Rxe1 30. Bxe1 Kf8 31. Bc3 Nd7 32.
Kg4 h6 33. Kf4 Ke7 34. Bb4+ Kf6 35. Ke4 h5 36. Bd6 Kg5 37. h3 Kf6 38. Bb4 b5
39. b3 Nb6 40. Ba5 Nd7 41. Bd8+ Kg7 42. d6 Kf8 43. Kd5 Ke8 44. Bc7 g5 45. Ke4
f6 46. Ba5 Kf7 47. Kd5 Nf8 48. Bd2 Nd7 49. Bc3 Nb8 50. a4 bxa4 51. bxa4 Nd7 52.
a5 Nb8 53. Bb4 Nd7 54. Kc6 Ke6 55. Kb7 f5 56. Kxa6 f4 57. gxf4 gxf4 58. Kb7 f3
59. Be1 Kxd6 60. Bg3+ Kd5 61. Kc7 Nc5 1/2-1/2

[Event "XVII Festival Conca della Presolana Magistrale"]
[Site "Bratto - Castione della Presolana ITA"]
[Date "1997.08.??"]
[Round "5"]
[White "Mione, Dario"]
[Black "Everet, Alexandro"]
[Result "1-0"]
[WhiteElo "2295"]
[BlackElo "2225"]
[PlyCount "69"]
[EventDate "1997.08.21"]

1. d4 d5 2. Nf3 e6 3. g3 Nf6 4. Bg2 Bd6 5. O-O h6 6. c4 c6 7. Nc3 Nbd7 8. Nd2
O-O 9. e4 Nxe4 10. Ndxe4 dxe4 11. Nxe4 Nf6 12. Nxd6 Qxd6 13. Bf4 Qe7 14. Qe2
Re8 15. Rfe1 g5 16. Bd2 Bd7 17. Bc3 Nh7 18. d5 f6 19. dxe6 Bxe6 20. Bh3 Nf8 21.
Qh5 Kg7 22. Rad1 Qf7 23. Qxf7+ Kxf7 24. Bxe6+ Nxe6 25. Rd6 g4 26. h3 gxh3 27.
f4 c5 28. Rd7+ Kg6 29. f5+ Kxf5 30. Rf1+ Kg4 31. Kh2 Ng5 32. Rf4+ Kh5 33. Rg7
Re2+ 34. Kh1 Re4 35. Rxe4 1-0

[Event "XVII Festival Conca della Presolana Magistrale"]
[Site "Bratto - Castione della Presolana ITA"]
[Date "1997.08.??"]
[Round "5"]
[White "Ortega, Lexy"]
[Black "Pantaleoni, Claudio"]
[Result "1-0"]
[WhiteElo "2470"]
[BlackElo "2235"]
[PlyCount "59"]
[EventDate "1997.08.21"]

1. d4 e6 2. Nf3 c5 3. e4 cxd4 4. Nxd4 Nf6 5. Nc3 d6 6. g4 e5 7. Bb5+ Bd7 8.
Bxd7+ Qxd7 9. Nf5 h5 10. f3 hxg4 11. Bg5 Nh7 12. Be3 Nf6 13. Bg5 Nh7 14. Bh4
Nc6 15. Nd5 g6 16. Nfe3 gxf3 17. Qxf3 Nd4 18. Qg2 g5 19. Bg3 g4 20. O-O-O Bh6
21. c3 Nc6 22. Bh4 Rf8 23. Kb1 Bxe3 24. Nxe3 f5 25. Nxf5 Rxf5 26. exf5 Qxf5+
27. Ka1 Kd7 28. Rhf1 Qe6 29. Qe4 Nf8 30. Rf6 1-0

[Event "XVII Festival Conca della Presolana Magistrale"]
[Site "Bratto - Castione della Presolana ITA"]
[Date "1997.08.??"]
[Round "5"]
[White "Pagnoncelli, Marco"]
[Black "Castaldo, Folco"]
[Result "1/2-1/2"]
[WhiteElo "2090"]
[BlackElo "2170"]
[PlyCount "80"]
[EventDate "1997.08.21"]

1. e4 g6 2. g3 Bg7 3. Bg2 e5 4. Ne2 c5 5. c3 Nc6 6. d3 Nge7 7. O-O O-O 8. Be3
d6 9. Na3 a6 10. h3 b6 11. f4 Bb7 12. f5 f6 13. g4 Kh8 14. c4 Nd4 15. Nxd4 exd4
16. Bf4 Nc6 17. fxg6 hxg6 18. Qd2 Ne5 19. Rae1 Bc8 20. g5 Be6 21. gxf6 Rxf6 22.
Bg5 Rxf1+ 23. Rxf1 Qd7 24. Kh2 Rf8 25. Rxf8+ Bxf8 26. Qf2 Qf7 27. Qg3 Bg7 28.
Kh1 Bf6 29. Bd2 Be7 30. Nc2 Qf6 31. Ne1 Qh4 32. Bf4 Qxg3 33. Bxg3 Kg7 34. Bxe5+
dxe5 35. Nf3 Kf6 36. Bf1 Bf8 37. Kg2 Bh6 38. Be2 Bc1 39. b3 Bf4 40. Ng1 Kg5
1/2-1/2

[Event "XVII Festival Conca della Presolana Magistrale"]
[Site "Bratto - Castione della Presolana ITA"]
[Date "1997.08.??"]
[Round "5"]
[White "Pegoraro, Nicola"]
[Black "Carparelli, Luciano"]
[Result "1/2-1/2"]
[WhiteElo "2115"]
[BlackElo "1900"]
[PlyCount "65"]
[EventDate "1997.08.21"]

1. e4 c5 2. Nf3 Nc6 3. d4 cxd4 4. Nxd4 e6 5. Nc3 Qc7 6. Be3 a6 7. Be2 Nf6 8.
O-O Be7 9. f4 d6 10. Kh1 O-O 11. Qe1 Bd7 12. Bf3 Nxd4 13. Bxd4 e5 14. Be3 exf4
15. Bxf4 Be6 16. Rd1 Nd7 17. Nd5 Bxd5 18. Rxd5 Ne5 19. Bxe5 dxe5 20. Qe2 Rad8
21. Rfd1 Rxd5 22. Rxd5 Rc8 23. c3 Rd8 24. Qd3 Rxd5 25. Qxd5 g6 26. Be2 Qc5 27.
Bc4 Qf2 28. Qd1 Qxb2 29. Qf1 Kg7 30. Qxf7+ Kh6 31. Qf1 Qxc3 32. Bd5 b5 33. g3
1/2-1/2

[Event "XVII Festival Conca della Presolana Magistrale"]
[Site "Bratto - Castione della Presolana ITA"]
[Date "1997.08.??"]
[Round "5"]
[White "Rossi, Giampiero"]
[Black "Ceresoli, Luigi"]
[Result "0-1"]
[WhiteElo "2150"]
[BlackElo "2053"]
[PlyCount "38"]
[EventDate "1997.08.21"]

1. d4 Nf6 2. c4 e6 3. Nc3 Bb4 4. Qc2 c5 5. dxc5 Nc6 6. Nf3 Bxc5 7. e3 O-O 8. a3
d5 9. b4 Bd6 10. Bb2 Qe7 11. cxd5 exd5 12. Be2 Bg4 13. O-O Rac8 14. Rfd1 Ne5
15. Nxe5 Qxe5 16. g3 Bxe2 17. Qxe2 Rxc3 18. Qb5 Ne4 19. Rxd5 Rc1+ 0-1

[Event "XVII Festival Conca della Presolana Magistrale"]
[Site "Bratto - Castione della Presolana ITA"]
[Date "1997.08.??"]
[Round "5"]
[White "Sbarra, Marco"]
[Black "Moncelli, Giorgio"]
[Result "1/2-1/2"]
[WhiteElo "2280"]
[BlackElo "2195"]
[PlyCount "67"]
[EventDate "1997.08.21"]

1. d4 d6 2. c4 Nf6 3. Nc3 Nbd7 4. Nf3 e5 5. Bg5 Be7 6. e3 O-O 7. Bd3 c6 8. O-O
Re8 9. Qc2 Qc7 10. Bh4 Nf8 11. h3 Nh5 12. Bxe7 Qxe7 13. Rfd1 Nf6 14. dxe5 dxe5
15. Ne4 Nxe4 16. Bxe4 g6 17. Qc3 a5 18. c5 f5 19. Bd3 e4 20. Bc4+ Be6 21. Nd4
Bxc4 22. Qxc4+ Qf7 23. Qc3 Red8 24. a4 Rd5 25. Nb3 Nd7 26. Rxd5 Qxd5 27. Rc1
Ne5 28. Nxa5 Nd3 29. Rd1 Qxc5 30. Rxd3 Qxc3 31. Rxc3 Rxa5 32. Rb3 b5 33. axb5
Rxb5 34. Rxb5 1/2-1/2

[Event "XVII Festival Conca della Presolana Magistrale"]
[Site "Bratto - Castione della Presolana ITA"]
[Date "1997.08.??"]
[Round "5"]
[White "Scagliarini, Bruno"]
[Black "Ranieri, Fabrizio"]
[Result "0-1"]
[WhiteElo "1974"]
[BlackElo "2200"]
[PlyCount "48"]
[EventDate "1997.08.21"]

1. c4 e6 2. g3 d5 3. Bg2 Nf6 4. Nf3 Be7 5. b3 O-O 6. Bb2 c5 7. e3 Nc6 8. O-O b6
9. d4 Bb7 10. Nbd2 Rc8 11. Ne5 cxd4 12. Nxc6 Bxc6 13. Bxd4 Bb7 14. Re1 Ba6 15.
cxd5 Nxd5 16. Qg4 Nf6 17. Qd1 Bb4 18. Bxf6 Qxf6 19. Ne4 Qe5 20. f4 Qa5 21. Qg4
f5 22. Qh4 Bxe1 23. Ng5 h6 24. Nxe6 Rf6 0-1